Fr. Conceicao Rodrigues College of Engineering

Tower (Record no. 30376)

MARC details
000 -LEADER
fixed length control field 00267nam a2200145Ia 4500
082 ## - DEWEY DECIMAL CLASSIFICATION NUMBER
Classification number 808.8
Item number JES
100 ## - MAIN ENTRY--PERSONAL NAME
Personal name Jesia/Avan
245 ## - TITLE STATEMENT
Title Tower
260 ## - PUBLICATION, DISTRIBUTION, ETC.
Name of publisher, distributor, etc. Penguin
Date of publication, distribution, etc. 2012
300 ## - PHYSICAL DESCRIPTION
Extent 402
546 ## - LANGUAGE NOTE
Language note ENGLISH
650 ## - SUBJECT ADDED ENTRY--TOPICAL TERM
Topical term or geographic name entry element Fiction
942 ## - ADDED ENTRY ELEMENTS (KOHA)
Koha item type BOOK
Holdings
Withdrawn status Lost status Damaged status Not for loan Collection Home library Current library Date acquired Total Checkouts Full call number Barcode Date due Date last seen Date last checked out Price effective from Koha item type
        CRC Fr. Agnel's C.Rodrigues College of Engineering Fr. Agnel's C.Rodrigues College of Engineering 17/03/2023 2 808.8 JES 23019 25/08/2026 27/05/2026 27/05/2026   BOOK